000 00452nam a22001577a 4500
005 20240702123650.0
008 240702b |||||||| |||| 00| 0 eng d
041 _aEnglish
082 _a349 ANN
100 _lEnglish
245 _aAnnual Survey of South African Law
260 _aCape Town:
_bJuta and Company Ltd,
_c2007
300 _bl, 1203 pages;
_c23 cm.
650 _aLegal practice
_bLaw
942 _cBK
_6ALISON_BN_VRIES
999 _c2081
_d2081